Movies Quiz

Random Movies or Disney Quiz

Ultimate Disney Character Quiz Part 7 Stats

 Plays Quiz not verified by Sporcle

Also try: Disney Amnesia 1
Challenge
Share
Tweet
Embed
Score 0/41 Timer 20:00
0 Plays Today
Movie % Correct
Lilo & StitchLilo Pelekai
94.4%
Lilo & StitchStitch
93.9%
The Emperor's New GrooveKronker 'Kronk' Pepikrankenitz
87.7%
The Emperor's New GrooveYzma
87.2%
The Emperor's New GrooveEmperor Kuzco
86%
Lilo & StitchNani Pelekai
82.7%
Atlantis: The Lost EmpireMilo James Thatch
77.1%
The Emperor's New GroovePacha
74.9%
Lilo & StitchDr. Jumba Jookiba
69.3%
Lilo & StitchCaptain Gantu
68.7%
Treasure PlanetJames Pleiades Hawkins (Jim)
68.2%
Lilo & StitchDavid Kawena
65.9%
Atlantis: The Lost EmpireKidagakash 'Kida' Nedakh
64.2%
Lilo & StitchWendy Pleakley
63.7%
Lilo & StitchCobra Bubbles
63.7%
Treasure PlanetLong John Silver
63.1%
Treasure PlanetCaptain Amelia Smollet
49.2%
Atlantis: The Lost EmpireGaetan 'Mole' Moliére
47.5%
Treasure PlanetSarah Hawkins
46.9%
Atlantis: The Lost EmpireLieutenant Helga Katrina Sinclair
46.4%
Treasure PlanetBio Electronic Navigator (B.E.N.)
45.8%
Movie % Correct
Atlantis: The Lost EmpireAudrey Rocio Ramirez
44.7%
Treasure PlanetMorph
44.7%
The Emperor's New GrooveChicha
44.1%
Lilo & StitchGrand Councilwoman
43.6%
Atlantis: The Lost EmpireCommander Lyle Tiberius Rourke
43%
The Emperor's New GrooveTipo
40.2%
Treasure PlanetSamuel Arrow
39.7%
Treasure PlanetScroop
36.3%
Atlantis: The Lost EmpireDr. Joshua Strongbear Sweet
35.2%
Lilo & StitchMildred 'Mertle' Pearl Edmonds
35.2%
Treasure PlanetDr. Delbert Doppler
35.2%
Atlantis: The Lost EmpireVincenzo 'Vinny' Santorini
33%
The Emperor's New GrooveChaca
31.3%
Atlantis: The Lost EmpireJedidiah Allardyce 'Cookie' Farnsworth
31.3%
Atlantis: The Lost EmpirePreston B. Whitmore
30.7%
Atlantis: The Lost EmpireKashekim Nedakh
25.7%
Atlantis: The Lost EmpireWilhelmina Bertha Packard
25.1%
Treasure PlanetCaptain Nathaniel Flint
23.5%
Treasure PlanetJohn Silver's Pirate Crew
22.3%
The Emperor's New GrooveTheme Song Guy
20.1%

You're not logged in!

Compare scores with friends on all Sporcle quizzes.
Join for Free
OR
Log In

You Might Also Like...

Show Comments

Extras

Top Quizzes Today


Score Distribution

Your Account Isn't Verified!

In order to create a playlist on Sporcle, you need to verify the email address you used during registration. Go to your Sporcle Settings to finish the process.

Report this User

Report this user for behavior that violates our Community Guidelines.

Details: